Normal view MARC view
  • Castro Zapata, Édgar

Entry Nombre Personal

Number of records used in: 1

001 - NUMERO DE CONTROL

  • campo de control: 47809

003 - IDENTIFICADOR DE NUMERO DE CONTROL

  • campo de control: DLC

005 - FECHA Y HORA DE LA ÜLTIMA TRANSACCIÓN

  • campo de control: 20230301091456.0

008 - DATOS DE LONGITUD FIJA

  • campo de control de longitud fija: 010323n| azannaabn |a aaa c

010 ## - NÚMERO DE CONTROL DE LA BIBLIOTECA DEL CONGRESO

  • Número de control LC: no2013090139

035 ## - NUMERO DE CONTROL

  • Número de control: (OCoLC)oca09548752

040 ## - FUENTE DE CATALOGACIÓN

  • Agencia original de catalogación: CSt
  • Lenguaje de catalogación: spa
  • Description conventions: rda
  • Agencia de transcripción: CSt
  • Agencia que lo modifica: MX-MxUPN

100 1# - ENCABEZAMIENTO - NOMBRE PERSONAL

  • Nombre personal: Castro Zapata, Édgar

370 ## - LUGAR ASOCIADO

  • Associated country: México

373 ## - GRUPO ASOCIADO

  • Associated group: Instituto Pro-veteranos de la Revolución del Sur (Estado de Morelos)
  • Associated group: Fundación Zapata
  • Associated group: Herederos de la Revolución

374 ## - OCUPACIÓN

  • Occupation: Historiador
  • Fuente del término: lcsh

375 ## - GÉNERO

  • Gender: masculino

377 ## - LENGUA ASOCIADA

  • Language code: spa

400 1# - VEÁSE - NOMBRE DE PERSONA

  • Personal name: Zapata, Édgar Castro

670 ## - FUENTE EN LA QUE SE LOCALIZARON DATOS

  • Cita de la fuente: A cien años del Plan de Ayala, 2013:
  • Información localizada: portada (Édgar Castro Zapata) página 366 (Historian and great-grandson of General Emiliano Zapata; director of the Instituto Pro-veteranos de la Revolución del Sur (Estado de Morelos); president of the Fundación Zapata y los Herederos de la Revolución A.C.)

902 ## - CATALOGADOR

  • Catalogador: NDAF/010323